000 00643nam a2200241 a 4500
999 _c1889
_d1889
001 1889
003 BD-JhCC
005 20220512134022.0
008 171025s1993 enk||||| |||| 00| 0 eng d
020 _a0905906144
035 _a(BD-JhCC) 1889
040 _aBD-JhCC
_dBD-JhCC
041 _aeng
082 _a297.63
_bCHO 1993
100 _aChoudhury, Golam w.
245 _aThe Prophet Muhammad :
_cGolam w. Choudhury.
_bhis life and enternal message /
260 _aEngland :
_bScorpion Publishing Ltd,
_c1993.
300 _a195 P. :
_c21 cm.
650 _aMuhammad, Prophet
650 _aIslam
942 _2ddc
_cBK
_04